| 000 | 00431nam a2200181Ia 4500 | ||
|---|---|---|---|
| 001 | 23091 | ||
| 005 | 20260414150914.0 | ||
| 008 | 260414t2018||||xx |||||||||||||| ||spa|| | ||
| 041 | _aESP | ||
| 082 |
_a624.1834 _bM27 |
||
| 100 |
_aMastropietro, Marcelo _eAUT |
||
| 245 | 0 |
_aEl hormigón para arquitectos _b |
|
| 260 | _c2018 | ||
| 300 |
_a181 páginas : _c29 cm. |
||
| 650 | _a0 | ||
| 654 | _aCIC | ||
| 942 |
_cLIB _dJUS _fJUS _2ddc _n |
||
| 999 |
_c23091 _d23091 |
||